| 000 | 00609cam a2200181 4500 | ||
|---|---|---|---|
| 082 |
_a621.56 _bJOR _cL-8, P-14 |
||
| 100 | 1 |
_aJordan, Richard C. _941888 |
|
| 245 | 0 | 0 |
_aRefrigeration and air conditioning _c[by] Richard C. Jordan and Gayle B. Priester. |
| 250 | _a2d ed. | ||
| 260 |
_aEnglewood Cliffs, N.J., _bPrentice-Hall, _c1956. |
||
| 300 |
_a555 p. _billus. _c24 cm. |
||
| 526 |
_a0 _b0 _c0 _d621_560000000000000_JOR |
||
| 650 | 0 |
_aAir conditioning. _919032 |
|
| 650 | 0 |
_aMCE _9379 |
|
| 650 | 0 |
_aRefrigeration and refrigerating machinery. _919031 |
|
| 700 | 1 |
_aPriester, Gayle B., _941889 |
|
| 942 |
_2ddc _cBK |
||
| 999 |
_c545907 _d545907 |
||